Vykazovanie štátnych dotácií podľa IFRS

Pojem štátna dotácia. Príklady štátnych dotácií, ktoré spĺňajú definíciu uvedenú v IAS 20. Príklady pomoci, ktoré nie sú štátnymi dotáciami podľa definície v IAS 20. Vykazovanie štátnych dotácií.

Salvato in:
Dettagli Bibliografici
Autore principale: Krupová, Lenka
Altri autori: Ruskin, Anglia
Natura: Capitolo di libro
Lingua:slovacco
Soggetti:
Tags: Aggiungi Tag
Nessun Tag, puoi essere il primo ad aggiungerne!!

MARC

LEADER 00000naa a2200000 4500
001 0162666
005 20231207111608.8
041 0 |a slo 
044 |a SK 
245 1 0 |a Vykazovanie štátnych dotácií podľa IFRS  |c Lenka Krupová, Anglia Ruskin 
520 |a Pojem štátna dotácia. Príklady štátnych dotácií, ktoré spĺňajú definíciu uvedenú v IAS 20. Príklady pomoci, ktoré nie sú štátnymi dotáciami podľa definície v IAS 20. Vykazovanie štátnych dotácií. 
610 2 0 |a dotácie štátne 
610 2 0 |a výkazy účtovné 
610 2 0 |a závierka účtovná konsolidovaná 
610 2 0 |a štandardy účtovné medzinárodné 
100 1 |a Krupová, Lenka 
700 1 |a Ruskin, Anglia